MARC

LEADER 00000nam0a2200000 4500
001 330291
005 20231102004239.0
035 |a (RuTPU)RU\TPU\book\356065 
090 |a 330291 
100 |a 20170403d1952 km y0rusy50 ca 
101 0 |a rus 
102 |a RU 
105 |a a z 001zy 
200 1 |a Ремонт гидротехнических сооружений гидроэлектрических станций  |f В. П. Репкин 
210 |a Москва  |a Ленинград  |c Госэнергоиздат  |d 1952 
215 |a 216 с.  |c ил. 
320 |a Библиогр.: с. 212-214 
606 1 |a Гидротехнические сооружения  |x Оборудование  |x Надежность  |2 stltpush  |3 (RuTPU)RU\TPU\subj\6882  |9 34659 
606 1 |a Гидроэлектрические станции  |x Режим работы  |2 stltpush  |3 (RuTPU)RU\TPU\subj\7141  |9 34861 
610 1 |a гидроэлектрические станции 
610 1 |a ремонт 
610 1 |a эксплуатация 
610 1 |a плотины 
610 1 |a восстановление 
610 1 |a плотность 
610 1 |a водонепроницаемость 
610 1 |a бетонные сооружения 
610 1 |a механические разрушения 
610 1 |a противофильтрационные мероприятия 
610 1 |a проектирование 
675 |a 627.8.05  |v 4 
675 |a 621.311.21.004  |v 4 
700 1 |a Репкин  |b В. П. 
801 1 |a RU  |b 63413507  |c 20170403 
801 2 |a RU  |b 63413507  |c 20170414  |g RCR 
942 |c BK